Rubber manufacture (Record no. 67794)

MARC details
000 -LEADER
fixed length control field 00244nam a2200109Ia 4500
100 ## - MAIN ENTRY--AUTHOR NAME
Personal name Doux J A Le
245 #0 - TITLE STATEMENT
Title Rubber manufacture
260 ## - PUBLICATION, DISTRIBUTION, ETC. (IMPRINT)
Name of publisher Planter
Year of publication 1954
300 ## - PHYSICAL DESCRIPTION
Number of Pages 602-606
942 ## - ADDED ENTRY ELEMENTS (KOHA)
Koha item type Journals
Holdings
Withdrawn status Lost status Damaged status Not for loan Home library Current library Shelving location Date acquired Serial Enumeration / chronology Koha item type
      Journals RRII Library RRII Library Rubber chemistry 17/12/2021 Volume 30, Issue 11 Journals